| 000 | 00648nam a2200217Ia 4500 | ||
|---|---|---|---|
| 005 | 20260601193252.0 | ||
| 008 | 260601s9999||||xx |||||||||||||| ||und|| | ||
| 020 |
_a978-981-97-5803-6 _qebk |
||
| 100 | _aXiaofeng Meng | ||
| 245 | 0 | _aBig Data and Social Computing | |
| 250 | _a2024 | ||
| 260 |
_aHeidelberg, Germany _bSpringer Nature _c2024 |
||
| 440 | _aCommunications in Computer and Information Science | ||
| 650 | _aComputer Science | ||
| 700 | _aSuran Wu | ||
| 700 | _aXiu-Xiu Zhan | ||
| 700 | _aYang Chen | ||
| 700 | _aZhidong Cao | ||
| 856 | _uhttps://link.springer.com/openurl?genre=book&isbn=978-981-97-5803-6 | ||
| 942 |
_cEB _2ddc |
||
| 999 |
_c56750 _d56750 |
||